[Event "October - under 1500"]
[Site "SchemingMind.com"]
[Date "2016.10.05"]
[Round "-"]
[White "surfnsuds"]
[Black "Wojtek26"]
[Result "0-1"]
[WhiteCountry "USA"]
[BlackCountry "POL"]
[WhiteElo "1362"]
[WhiteRD "81"]
[BlackElo "1529"]
[BlackRD "46"]
[GameID "404605"]

1. d4 d5 2. c4 e6 3. Nf3 Nf6 4. Nc3 Bb4 5. cxd5 Nxd5 6. Bd2 Nxc3 7. bxc3 Bd6 8. Qc2 Nd7 9. e4 O-O 10. e5 Be7
11. g3 h6 12. Qe4 Rb8 13. Bd3 g6 14. Bxh6 Re8 15. Qg4 Nf8 16. h4 c5 17. h5 cxd4 18. Nxd4 Qc7 19. O-O Qxc3 20. Bb5 Rd8
21. Rac1 Qb4 22. Rfd1 Bc5 23. Bd3 Qxd4 24. Be4 Qxf2+ 25. Kh1 Rxd1+ 26. Rxd1 Bd7 27. Qf4 Qxf4 28. gxf4 Ba4 29. Rd2 gxh5 30. Rg2+ Kh8
31. Bg7+ Kg8 32. Bf6+ Ng6 33. Bf3 Bc6 34. Rg3 Bxf3+ 35. Rxf3 b6 36. Kg2 Bf8 37. f5 exf5 38. Rxf5 Bg7 39. Rxh5 Bxf6 40. exf6 Nf4+
0-1

[Event "October - under 1500"]
[Site "SchemingMind.com"]
[Date "2016.10.05"]
[Round "-"]
[White "Wojtek26"]
[Black "surfnsuds"]
[Result "1/2-1/2"]
[WhiteCountry "POL"]
[BlackCountry "USA"]
[WhiteElo "1529"]
[WhiteRD "46"]
[BlackElo "1362"]
[BlackRD "81"]
[GameID "404606"]

1. d4 Nf6 2. c4 g6 3. e3 c5 4. d5 Bg7 5. Bd3 O-O 6. Nc3 d6 7. h3 e6 8. dxe6 Bxe6 9. Nf3 d5 10. cxd5 Nxd5
11. Nxd5 Bxd5 12. Be2 Qa5+ 13. Bd2 Qc7 14. Bc3 Rd8 15. O-O Bxf3 16. Qc2 Bxe2 17. Qxe2 Bxc3 18. bxc3 Nc6 19. Rab1 b6 20. Qf3 Qe5
21. Rbc1 Rd2 22. Rcd1 Rxd1 23. Rxd1 Rc8 24. Rd7 Qe6 25. Rd2 Rd8 26. Rxd8+ Nxd8 27. Qa8 Qe7 28. Qd5 Kg7 29. Qd2 Nc6 30. Kf1 Ne5
31. Qd5 Qf6 32. Qd2 c4 33. Qc2 b5 34. a4 a6 35. axb5 axb5 36. Qb2 Nd3 37. Qd2 Nxf2 38. Qxf2 Qxc3 39. Kg1 Qc1+ 40. Kh2 c3
41. e4 c2 42. e5 Qb1 43. Qf6+= Kh6 44. Qh4+ Kg7 45. Qf6+ Kh6 46. Qh4+ Kg7 47. Qf6+ Kh6 48. Qh4+ Kg7 49. Qf6+ Kf8 50. Qd8+ Kg7
51. Qf6+
1/2-1/2

[Event "October - under 1500"]
[Site "SchemingMind.com"]
[Date "2016.10.06"]
[Round "-"]
[White "surfnsuds"]
[Black "Chessibelle"]
[Result "1-0"]
[WhiteCountry "USA"]
[BlackCountry "ENG"]
[WhiteElo "1331"]
[WhiteRD "93"]
[BlackElo "1126"]
[BlackRD "58"]
[GameID "404614"]

1. d4 d5 2. c4 e6 3. Nc3 Ne7 4. e4 c6 5. Qf3 g6 6. Bg5 Bg7 7. Nge2 O-O 8. Qf4 h6 9. Bxh6 f6 10. Qh4 Kf7
11. e5 Rh8 12. Qf4 f5 13. Bxg7 Kxg7 14. Qg5 Nd7= 15. Ng3 Qe8 16. O-O-O a6 17. cxd5 cxd5 18. Be2 b5 19. Nh5+ Kg8 20. Rd3 Qd8
21. Rh3 Bb7 22. Nf6+ Kf7 23. Rxh8 Qxh8 24. Nxd7 Ke8 25. Nc5 Bc8 26. Qf6 Qh7 27. Nxe6 Qh6+ 28. Kb1 Qh7 29. Nc7+ Kd7 30. Qd6#
1-0

[Event "October - under 1500"]
[Site "SchemingMind.com"]
[Date "2016.10.06"]
[Round "-"]
[White "Chessibelle"]
[Black "surfnsuds"]
[Result "0-1"]
[WhiteCountry "ENG"]
[BlackCountry "USA"]
[WhiteElo "1126"]
[WhiteRD "58"]
[BlackElo "1331"]
[BlackRD "93"]
[GameID "404615"]

1. Nf3 Nf6 2. d4 d5 3. e3 Bf5 4. Nc3 Nc6 5. a3 a6 6. b4 e6 7. Be2 Qd6 8. g3 Ng4 9. O-O Be4 10. Nxe4 dxe4
11. Nh4 Nf6 12. c3 Be7 13. Qc2 O-O 14. f3 exf3 15. Nxf3 Ng4 16. Kg2 Qd5 17. Bd1 Bg5 18. Qd3 Nce5 19. Bc2 Nxd3
0-1

[Event "October - under 1500"]
[Site "SchemingMind.com"]
[Date "2016.10.06"]
[Round "-"]
[White "Chessibelle"]
[Black "Wojtek26"]
[Result "0-1"]
[WhiteCountry "ENG"]
[BlackCountry "POL"]
[WhiteElo "1126"]
[WhiteRD "58"]
[BlackElo "1501"]
[BlackRD "46"]
[GameID "404616"]

1. Nf3 Nf6 2. d4 b6 3. e3 Bb7 4. Be2 e6 5. Bd2 Be7 6. O-O O-O 7. Nc3 c5 8. g3 Ne4 9. Nxe4 Bxe4 10. c3 cxd4
11. exd4 Nc6 12. Be3 h6 13. a3 Bf5 14. Re1 d5 15. Bb5 Qc7 16. Bf4 Bd6 17. Be3 a6 18. Ba4 b5 19. Nh4 bxa4 20. Qxa4 Be7
21. Bf4 Qc8 22. Qd1 Na5 23. Qa4 Nc4 24. b4 g5 25. Qd1 gxf4 26. Ng2 fxg3 27. fxg3 Kh7 28. Nf4 Rg8 29. Qh5 Bg6 30. Qf3 Bg5
31. Nh5 Nd2 32. Qg4 Qxc3 33. Rec1 Qe3+ 34. Kh1 Be4+
0-1

[Event "October - under 1500"]
[Site "SchemingMind.com"]
[Date "2016.10.06"]
[Round "-"]
[White "Wojtek26"]
[Black "Chessibelle"]
[Result "1-0"]
[WhiteCountry "POL"]
[BlackCountry "ENG"]
[WhiteElo "1501"]
[WhiteRD "46"]
[BlackElo "1126"]
[BlackRD "58"]
[GameID "404617"]

1. d4 d5 2. c4 Nf6 3. cxd5 Nxd5 4. e4 Nf6 5. Nc3 e6 6. Bg5 Be7 7. Bc4 Nbd7 8. Nf3 h6 9. Bh4 Nb6 10. Bb3 Bd7
11. a4 Bc6 12. a5 Nbd7 13. Bxf6 Bxf6 14. e5 Be7 15. O-O O-O 16. Bc2 f6 17. Qd3 f5 18. Rad1 b6 19. a6 Qe8 20. d5 Nc5
21. Qd2 g5 22. dxc6 Rd8 23. Qe3 f4 24. Qe2 Qh5 25. Ne4 g4 26. Nd4 Qg6 27. Nf6+ Bxf6 28. Bxg6
1-0

[Event "October - under 1500"]
[Site "SchemingMind.com"]
[Date "2016.10.10"]
[Round "-"]
[White "surfnsuds"]
[Black "mochiron"]
[Result "1-0"]
[WhiteCountry "USA"]
[BlackCountry "JPN"]
[WhiteElo "1333"]
[WhiteRD "73"]
[BlackElo "1454"]
[BlackRD "82"]
[GameID "404623"]

1. d4 f5 2. Nf3 Nf6 3. c3 d6 4. e3 e6 5. Bc4 d5 6. Bb3 Bd7 7. O-O Bd6 8. Nbd2 O-O 9. Ng5 Ne4 10. Ndxe4 fxe4
11. Qh5 Qxg5 12. Qxg5 Nc6 13. f3 exf3 14. Rf2 fxg2 15. Qxg2 Rf5 16. e4 Rxf2 17. Qxf2 Rf8 18. Qg2 e5 19. Bxd5+ Kh8 20. Be3 Ne7
21. Bxb7 Rf6 22. Rf1 Rg6 23. Rf8+ Ng8 24. Bd5 Bxf8 25. Bg5 h6 26. h4 exd4 27. cxd4 hxg5 28. Qh2 gxh4+ 29. Kf2 Bd6 30. e5 Be7
31. Qf4 h3 32. Qf7 Rg2+ 33. Bxg2
1-0

[Event "October - under 1500"]
[Site "SchemingMind.com"]
[Date "2016.10.11"]
[Round "-"]
[White "mochiron"]
[Black "surfnsuds"]
[Result "1-0"]
[WhiteCountry "JPN"]
[BlackCountry "USA"]
[WhiteElo "1454"]
[WhiteRD "82"]
[BlackElo "1333"]
[BlackRD "73"]
[GameID "404624"]

1. f4 f5 2. Nf3 d6 3. e3 Nf6 4. Be2 Nc6 5. O-O e5 6. d4 Qe7 7. dxe5 dxe5 8. fxe5 Nxe5 9. Nxe5 Qxe5 10. Nc3 Bd6
11. Bd2 Qxh2+ 12. Kf2 Bg3+ 13. Kf3 f4 14. exf4 Bg4+ 15. Ke3 Qxg2 16. Bxg4 O-O 17. Be6+ Kh8 18. Qf3 Qxf3+ 19. Rxf3 Bh4 20. Rh1 g5
21. Rxh4 gxh4 22. f5 Ng4+ 23. Ke2 h6 24. Ne4 Ne5 25. Rh3 Rad8 26. Rxh4 Kh7 27. Rxh6+ Kg7 28. f6+ Rxf6 29. Rxf6 Rd4 30. Bf5 b6
31. Re6 Nc4 32. Re7+ Kf8 33. Rxc7 a5 34. Bh6+ Ke8 35. Rc8+ Kf7 36. Rc7+ Ke8 37. Nf6+ Kd8 38. Rg7
1-0

[Event "October - under 1500"]
[Site "SchemingMind.com"]
[Date "2016.10.10"]
[Round "-"]
[White "mochiron"]
[Black "Chessibelle"]
[Result "1-0"]
[WhiteCountry "JPN"]
[BlackCountry "ENG"]
[WhiteElo "1454"]
[WhiteRD "82"]
[BlackElo "1135"]
[BlackRD "63"]
[GameID "404625"]

1. d4 d5 2. Bf4 Nc6 3. Nf3 Nf6 4. e3 g6 5. Bb5 Bd7 6. Bxc6 Bxc6 7. Nc3 e6 8. Be5 Bg7 9. Bxf6 Qxf6 10. O-O O-O
11. Ne5 Be8 12. f4 Qe7 13. Ne2 f6 14. Ng4 f5 15. Ne5 h6 16. Kh1 g5 17. fxg5 Qxg5 18. Rf3 h5 19. Rg3 Qh6 20. Nf4 h4
21. Rf3 a6 22. h3 Rf6 23. Ned3 c6 24. Ne5 b5 25. c3 Bf8 26. g3 Qh7 27. gxh4 Bg7 28. Rg3 Qxh4 29. Qg1 Kf8 30. Nf3 Qh8
31. Qg2 Rf7 32. Ng6+ Kg8 33. Nxh8 Kxh8 34. Rg5 Kg8 35. Ne5 Rf6 36. Rxg7+ Kf8 37. Rg8+ Ke7 38. Qg7+ Kd6 39. Qxf6 c5 40. dxc5+ Kxc5
41. b4+ Kd6 42. Rxe8 Rxe8 43. a4 Ra8 44. axb5 Rc8 45. Rxa6+ Kc7 46. Qe7+ Kb8 47. Qa7#
1-0

[Event "October - under 1500"]
[Site "SchemingMind.com"]
[Date "2016.10.10"]
[Round "-"]
[White "Chessibelle"]
[Black "mochiron"]
[Result "0-1"]
[WhiteCountry "ENG"]
[BlackCountry "JPN"]
[WhiteElo "1135"]
[WhiteRD "63"]
[BlackElo "1454"]
[BlackRD "82"]
[GameID "404626"]

1. Nf3 b6 2. e3 Bb7 3. Be2 g6 4. Nc3 Bg7 5. b3 d6 6. d4 Nf6 7. O-O O-O 8. g3 Ba6 9. Nb5 Bxb5 10. Bxb5 a6
11. Bd3 d5 12. c4 dxc4 13. bxc4 Nc6 14. Rb1 b5 15. Ng5 h6 16. Nh3 bxc4 17. Bxc4 e6 18. f4 Na5 19. Bd3 Qd7 20. Be2 e5
21. Bd2 Nc6 22. Bf3 e4 23. Be2 Qxh3 24. Rf2 Nd7 25. Bg4 Qxg4 26. Qxg4 Nf6 27. Qe2 Nd7 28. a4 a5 29. Qb5 Ncb8 30. Qb7 Na6
31. Qb5 Nb4 32. Qxd7 Nd3 33. Rff1 c5 34. Qd5 Rae8 35. Bxa5 cxd4 36. exd4 e3 37. Rfe1 Nf2 38. Rb6 Rd8 39. Qc4 Bxd4 40. Rxg6+ Kh7
41. Rc6 Ng4 42. Qd3+ f5 43. Rb1 e2+ 44. Kh1 Nf2+ 45. Kg2 Nxd3 46. Rc7+ Kg8 47. Rbb7 e1=Q 48. Rg7+ Bxg7
0-1

[Event "October - under 1500"]
[Site "SchemingMind.com"]
[Date "2016.10.10"]
[Round "-"]
[White "mochiron"]
[Black "Wojtek26"]
[Result "0-1"]
[WhiteCountry "JPN"]
[BlackCountry "POL"]
[WhiteElo "1454"]
[WhiteRD "82"]
[BlackElo "1548"]
[BlackRD "48"]
[GameID "404627"]

1. b4 e5 2. Bb2 d6 3. b5 Nf6 4. e3 Bd7 5. Be2 Be7 6. Nf3 O-O 7. O-O h6 8. Nc3 c6 9. bxc6 Nxc6 10. d3 a6
11. Ne4 Nxe4 12. dxe4 Rc8 13. h3 Nb4 14. Nh2 Rxc2 15. Ba3 Rxe2 16. Bxb4 Rb2 17. Bc3 Rb5 18. Ng4 Bxg4 19. Qxg4 Rc5 20. Bb4 Rc4
21. a3 Qc7 22. Bd2 Rc2 23. Rad1 Ra2 24. f4 exf4 25. exf4 Rxa3 26. f5 Qc5+ 27. Kh1 Kh8 28. f6 Bxf6 29. Rf5 Be5 30. Bf4 Qc8
31. Bxe5 dxe5 32. Rdf1 f6 33. R5f3 Rxf3 34. Rxf3 Qxg4 35. hxg4 Rc8 36. Rb3 b5 37. Kh2 Rc4 38. Re3 a5 39. Kg1 b4 40. Kf2 a4
41. Kg3 b3 42. Kh4 b2 43. Kh5 b1=Q 44. Kg6 Rxe4 45. Rc3 Rc4+
0-1

[Event "October - under 1500"]
[Site "SchemingMind.com"]
[Date "2016.10.10"]
[Round "-"]
[White "Wojtek26"]
[Black "mochiron"]
[Result "0-1"]
[WhiteCountry "POL"]
[BlackCountry "JPN"]
[WhiteElo "1529"]
[WhiteRD "46"]
[BlackElo "1422"]
[BlackRD "97"]
[GameID "404628"]

1. d4 c6 2. Nf3 d5 3. e3 Bg4 4. h3 Bxf3 5. Qxf3 Nf6 6. Bd3 e6 7. O-O Bd6 8. c4 dxc4 9. Bxc4 O-O 10. Nc3 Nd5
11. Nxd5 cxd5 12. Bd3 Nd7 13. Bd2 Nf6 14. Rac1 Rc8 15. a3 Rxc1 16. Rxc1 Ne4 17. Bxe4 dxe4 18. Qxe4 Qe7 19. Qc2 f5 20. Qc4 Kh8
21. b4 e5 22. dxe5 Qxe5 23. f4 Qe7 24. Qd5 h6 25. Rc3 Rd8 26. Qa2 Bc7 27. Be1 Bxf4 28. Qc2 Bxe3+ 29. Bf2 Bxf2+ 30. Kxf2 Re8
31. Rc7 Qe1+ 32. Kf3 Re3+ 33. Kf4 Qg3+
0-1

[Event "October - under 1500"]
[Site "SchemingMind.com"]
[Date "2016.10.09"]
[Round "-"]
[White "surfnsuds"]
[Black "Black Knight"]
[Result "0-1"]
[WhiteCountry "USA"]
[BlackCountry "USA"]
[WhiteElo "1362"]
[WhiteRD "81"]
[BlackElo "1407"]
[BlackRD "54"]
[GameID "404655"]

1. d4 d5 2. c4 Nf6 3. Nf3 g6 4. Nc3 Bg7 5. Qb3 Bg4 6. cxd5 c6 7. Bg5 Bxf3 8. exf3 O-O 9. O-O-O cxd5 10. Bxf6 Bxf6
11. Nxd5 e6 12. Nxf6+ Qxf6 13. Qxb7 Nd7 14. Qxd7 Rfc8+ 15. Kb1 Rd8 16. Qa4 Rab8 17. Qxa7 Ra8 18. Qb6 Rab8 19. Qc5 Rbc8 20. Qb4 Rb8
21. Qd2 e5 22. d5 Rd6 23. Qa5 Qd8 24. Qc5 Rc8 25. Qb4 Rxd5 26. Rxd5 Qxd5 27. Be2 Ra8 28. Bc4 Qd4 29. Re1 Rc8 30. Re4 Qd1#
0-1

[Event "October - under 1500"]
[Site "SchemingMind.com"]
[Date "2016.10.09"]
[Round "-"]
[White "Black Knight"]
[Black "surfnsuds"]
[Result "0-1"]
[WhiteCountry "USA"]
[BlackCountry "USA"]
[WhiteElo "1407"]
[WhiteRD "54"]
[BlackElo "1362"]
[BlackRD "81"]
[GameID "404656"]

1. e4 d5 2. exd5 e5 3. d4 Qxd5 4. Nc3 Qa5 5. dxe5 Qxe5+ 6. Qe2 Nc6 7. Bf4 Qxe2+ 8. Bxe2 Bb4 9. Nf3 Nf6 10. O-O Ba5
11. Rfe1 Bf5 12. Bd3+ Be6 13. Bf5 O-O-O 14. Bxe6+ fxe6 15. Rxe6 Bxc3 16. bxc3 Rhf8 17. Ne5 Nxe5 18. Bxe5 Rd5 19. Bxf6 gxf6 20. Rae1 Ra5
21. Ra1 Ra3 22. Re3 Rd8 23. Rae1 Rxa2 24. Re8 Rxe8 25. Rxe8+ Kd7 26. Re1 Rxc2 27. Rd1+ Kc6 28. f4 Rxc3 29. g4 Rc4 30. Rf1 Kd5
31. Kg2 b5 32. Rb1 b4 33. Kf3 a5 34. Ke3 c5 35. Rd1+ Kc6 36. Ra1 Kb5 37. h4 a4 38. g5 fxg5 39. hxg5 a3 40. f5 Rg4
41. f6 Rxg5 42. Rf1 Rg8 43. f7 Rf8 44. Ke4 a2 45. Ke5 b3 46. Ke6 b2 47. Ke7 a1=Q 48. Rxa1 bxa1=Q 49. Kxf8 c4 50. Ke8 Qe5+
51. Kf8 c3 52. Kg8 Qg5+ 53. Kxh7 Qf6 54. Kg8 c2 55. f8=Q Qg5+ 56. Kh8 c1=Q 57. Qe8+ Ka5 58. Qa8+ Kb4 59. Qf8+ Kb3 60. Qb8+ Kc2
61. Qc7+ Kd1 62. Qd6+ Qcd2 63. Qxd2+ Kxd2 64. Kh7 Kd3 65. Kh8 Kd4 66. Kh7 Ke5 67. Kh8 Ke6 68. Kh7 Kf7 69. Kh8 Qg7#
0-1

[Event "October - under 1500"]
[Site "SchemingMind.com"]
[Date "2016.10.10"]
[Round "-"]
[White "mochiron"]
[Black "Black Knight"]
[Result "1-0"]
[WhiteCountry "JPN"]
[BlackCountry "USA"]
[WhiteElo "1454"]
[WhiteRD "82"]
[BlackElo "1379"]
[BlackRD "59"]
[GameID "404657"]

1. c4 e5 2. Nc3 Nf6 3. e4 Bb4 4. a3 Bxc3 5. dxc3 O-O 6. Bd3 Nc6 7. Nf3 d6 8. O-O Bg4 9. h3 Bxf3 10. Qxf3 h6
11. Be3 Qe7 12. b4 a6 13. c5 Rad8 14. Rad1 b5 15. cxd6 Rxd6 16. Bc5 Rfd8 17. Bxd6 Rxd6 18. Be2 a5 19. Bxb5 Na7 20. a4 c6
21. Rxd6 Qxd6 22. Be2 axb4 23. cxb4 Qxb4 24. Ra1 Qd4 25. Rd1 Qxa4 26. Rd8+ Kh7 27. Qf5+ g6 28. Qxf6 Qa1+ 29. Bf1 Qa2 30. Qh8#
1-0

[Event "October - under 1500"]
[Site "SchemingMind.com"]
[Date "2016.10.10"]
[Round "-"]
[White "Black Knight"]
[Black "mochiron"]
[Result "0-1"]
[WhiteCountry "USA"]
[BlackCountry "JPN"]
[WhiteElo "1349"]
[WhiteRD "56"]
[BlackElo "1439"]
[BlackRD "81"]
[GameID "404658"]

1. e4 b6 2. d4 Bb7 3. Nc3 e6 4. Nf3 h6 5. Be2 Bb4 6. O-O Bxc3 7. bxc3 d6 8. e5 d5 9. Bd2 Ne7 10. Bb5+ Bc6
11. Bxc6+ Nexc6 12. Rb1 Nd7 13. Be3 O-O 14. Qe2 f6 15. Qd2 fxe5 16. Nxe5 Ndxe5 17. dxe5 Nxe5 18. Qd4 Qf6 19. f4 Ng4 20. g3 Nxe3
21. Qxe3 c5 22. Qe5 Qg6 23. Rf3 Qxc2 24. Qxe6+ Kh8 25. Rbf1 Rae8 26. Qxd5 Re2 27. R3f2 Rxf2 28. Rxf2 Qxc3 29. Qf3 Qxf3 30. Rxf3 b5
31. Rc3 c4 32. a3 a5 33. Kf2 g5 34. Re3 gxf4 35. Re4 fxg3+ 36. Kxg3 c3 37. Re2 Rg8+ 38. Kf3 b4 39. Rc2 bxa3 40. Rxc3 a2
41. Ra3 Rf8+ 42. Kg2 Ra8 43. Rxa2 a4 44. Kg3 a3 45. Kg4 Kg7 46. Kh5 Ra5+ 47. Kg4 Kf6 48. Kf4 Ra4+ 49. Kf3 Kf5 50. h4 h5
51. Kg3 Rg4+ 52. Kh3 Ra4 53. Kg3 Rg4+= 54. Kf3 Rxh4 55. Rxa3 Rh3+
0-1

[Event "October - under 1500"]
[Site "SchemingMind.com"]
[Date "2016.10.07"]
[Round "-"]
[White "Black Knight"]
[Black "Chessibelle"]
[Result "1-0"]
[WhiteCountry "USA"]
[BlackCountry "ENG"]
[WhiteElo "1444"]
[WhiteRD "56"]
[BlackElo "1126"]
[BlackRD "58"]
[GameID "404659"]

1. e4 e5 2. Nf3 Nc6 3. Bc4 h6 4. O-O Be7 5. Nc3 Bf6 6. Nd5 d6 7. d3 g5 8. Bb5 Bd7 9. Be3 a6 10. Ba4 b5
11. Bb3 Nce7 12. Nxf6+ Nxf6 13. c3 c5 14. a3 O-O 15. h3 Nh5 16. Ba2 Ng6 17. Bd5 Rb8 18. Nxg5 Ng7 19. Nf3 Kh7 20. d4 Ne6
21. dxe5 dxe5 22. Qd2 f5 23. Bxh6 Rg8 24. Bg5 Qe8 25. exf5 Ngf8 26. fxe6 Nxe6 27. Nxe5 Bc8 28. Bf6 Qf8 29. Qd3+ Kh6 30. Qe3+ Rg5
31. Bxg5+ Nxg5 32. Nf3 Kh5 33. Qxg5#
1-0

[Event "October - under 1500"]
[Site "SchemingMind.com"]
[Date "2016.10.07"]
[Round "-"]
[White "Chessibelle"]
[Black "Black Knight"]
[Result "1-0"]
[WhiteCountry "ENG"]
[BlackCountry "USA"]
[WhiteElo "1128"]
[WhiteRD "60"]
[BlackElo "1407"]
[BlackRD "54"]
[GameID "404660"]

1. Nf3 b6 2. d4 Bb7 3. e3 e6 4. Nbd2 Nf6 5. Be2 Bb4 6. O-O O-O 7. a3 Bd6 8. g3 Nc6 9. c3 Ne7 10. Ng5 h6
11. Nh3 c5 12. f3 Bc7 13. f4 a5 14. b3 cxd4 15. cxd4 d5 16. Nf3 Ng4 17. Qd3 Ba6 18. Qd2 Nf5 19. Re1 Nd6 20. Bd1 Ne4
21. Qc2 Rc8 22. Qb2 Bd6 23. b4 a4 24. Bxa4 b5 25. Bb3 Qc7 26. Qb1 Nc3 27. Qd3 Ne4 28. Bb2 f5 29. Nh4 Qf7 30. a4 Rb8
31. Rac1 Rfc8 32. Rc2 Bxb4 33. Ree2 bxa4 34. Qxa6 g5 35. Nf3 axb3 36. Rxc8+ Rxc8 37. Qxc8+ Kg7 38. Qb8 Bd6 39. Qxb3 Qc7 40. fxg5 h5
41. Kg2 Kg6 42. Qa4 Qb8 43. Qd7 Qg8 44. Ne5+ Bxe5 45. dxe5 Qf7 46. Nf4+ Kg7 47. Nxe6+ Kg6 48. Qxd5 h4 49. Nf4+ Kxg5 50. Qxf7
1-0

[Event "October - under 1500"]
[Site "SchemingMind.com"]
[Date "2016.10.07"]
[Round "-"]
[White "Black Knight"]
[Black "Wojtek26"]
[Result "1-0"]
[WhiteCountry "USA"]
[BlackCountry "POL"]
[WhiteElo "1444"]
[WhiteRD "56"]
[BlackElo "1501"]
[BlackRD "46"]
[GameID "404661"]

1. e4 e5 2. Nf3 Nc6 3. Bb5 Nge7 4. O-O g6 5. Nc3 Bg7 6. d3 O-O 7. Bg5 a6 8. Bxc6 dxc6 9. h3 f5 10. Re1 fxe4
11. dxe4 h6 12. Qxd8 Rxd8 13. Bxe7 Re8 14. Ba3 c5 15. Bxc5 b6 16. Be3 Bb7 17. Nd5 Bxd5 18. exd5 e4 19. Nh4 Bxb2 20. Rab1 Bc3
21. Red1 g5 22. Nf5 Kh7 23. Bd4 Bxd4 24. Nxd4 Rf8 25. Ne6 Rf7 26. Re1 Re8 27. Rxe4 Rd7 28. Rbe1 Rg8 29. c4 b5 30. Nc5 Rf7
31. Re7
1-0

[Event "October - under 1500"]
[Site "SchemingMind.com"]
[Date "2016.10.07"]
[Round "-"]
[White "Wojtek26"]
[Black "Black Knight"]
[Result "0-1"]
[WhiteCountry "POL"]
[BlackCountry "USA"]
[WhiteElo "1501"]
[WhiteRD "46"]
[BlackElo "1444"]
[BlackRD "56"]
[GameID "404662"]

1. d4 Nf6 2. Nf3 g6 3. e3 d6 4. c4 Bg7 5. Bd3 O-O 6. O-O e5 7. dxe5 dxe5 8. Nxe5 Nfd7 9. Nf3 Nc6 10. Nc3 Nde5
11. Be2 Nxf3+ 12. Bxf3 Be6 13. Bd5 Nb4 14. Bxe6 Qxd1 15. Bxf7+ Rxf7 16. Rxd1 Raf8 17. Rd2 a5 18. a3 Bxc3 19. bxc3 Nc6 20. a4 Ne5
21. c5 Nc4 22. Re2 Ne5 23. Ba3 c6 24. f4 Nd3 25. Rd1 Nxf4 26. Red2 Nd5 27. Rxd5 cxd5 28. Rxd5 Rf1#
0-1

[Event "October - under 1500"]
[Site "SchemingMind.com"]
[Date "2016.10.10"]
[Round "-"]
[White "surfnsuds"]
[Black "bmariusz"]
[Result "0-1"]
[WhiteCountry "USA"]
[BlackCountry "POL"]
[WhiteElo "1333"]
[WhiteRD "73"]
[BlackElo "1440"]
[BlackRD "77"]
[GameID "404664"]

1. d4 Nf6 2. c4 e6 3. Nc3 Nc6 4. Nf3 Bb4 5. Bd2 Bxc3 6. Bxc3 Ne4 7. Ne5 Qf6 8. f3 Qh4+ 9. g3 Nxg3 10. Rg1 Qxh2
11. Rg2 Qh1 12. Rxg3 Qh4 13. Kf2 Qh2+ 14. Rg2 Qh6 15. Bd2 Qh4+ 16. Ke3 g5 17. Nxc6 bxc6 18. Kd3 c5 19. dxc5 e5 20. e3 e4+
21. fxe4 d5 22. cxd5 f5 23. e5 Ba6+ 24. Kc2 Qe4+ 25. Kc1 Rb8 26. Bxa6 Qxg2 27. d6 Qc6 28. Qh5+ Kf8 29. Qxg5 Qh1+ 30. Kc2 Qxa1
31. b3 Qxa2+ 32. Kc1 Qa3+ 33. Kd1 Qa1+ 34. Bc1 Qxe5 35. d7 Rg8 36. Qh6+ Qg7 37. Qh3 Qxd7+ 38. Bd3 Qxd3+ 39. Ke1 h5 40. c6 Rg1+
41. Kf2 Rxc1 42. Qxh5 Rc2+ 43. Kf3 Qd1+
0-1

[Event "October - under 1500"]
[Site "SchemingMind.com"]
[Date "2016.10.09"]
[Round "-"]
[White "bmariusz"]
[Black "surfnsuds"]
[Result "0-1"]
[WhiteCountry "POL"]
[BlackCountry "USA"]
[WhiteElo "1401"]
[WhiteRD "82"]
[BlackElo "1362"]
[BlackRD "81"]
[GameID "404665"]

1. e4 d5 2. exd5 Qxd5 3. Nc3 Qe6+ 4. Qe2 Nf6 5. g3 Qc6 6. Bg2 Qxg2 7. Qf3 Bh3 8. Qxg2 Bxg2 9. Nb5 Na6 10. d3 Bxh1
11. Bf4 c6 12. Nd4 Ng4 13. O-O-O Nxf2 14. Rd2 Ng4 15. h3 Nf6 16. c4 Rd8 17. Be5 c5 18. Nb5 Bc6 19. Nc7+ Nxc7 20. Bxc7 Rd7
21. Bf4 h6 22. g4 g5 23. Be5 Rg8 24. d4 cxd4 25. Bxd4 Bg7 26. Nf3 Bxf3 27. Kc2 Rc7 28. b3 Nd5 29. Bxg7 Rxg7 30. Kb2 Nf4
31. Rc2 Bg2 32. Ka3 Bxh3 33. b4 Bxg4 34. b5 b6 35. Kb3 Be6
0-1

[Event "October - under 1500"]
[Site "SchemingMind.com"]
[Date "2016.10.11"]
[Round "-"]
[White "mochiron"]
[Black "bmariusz"]
[Result "0-1"]
[WhiteCountry "JPN"]
[BlackCountry "POL"]
[WhiteElo "1454"]
[WhiteRD "82"]
[BlackElo "1440"]
[BlackRD "77"]
[GameID "404666"]

1. a3 g6 2. e3 a6 3. h3 Nc6 4. d4 e6 5. Nc3 b5 6. Be2 b4 7. axb4 Bxb4 8. Nf3 Nf6 9. O-O g5 10. Nxg5 Nd5
11. Nxd5 exd5 12. Nxf7 Kxf7 13. Bd2 Bxd2 14. Qxd2 Rg8 15. Bh5+ Kg7 16. f4 Qh4 17. Bg4 d6 18. f5 Kf6 19. c3 Na5 20. Rxa5 h5
21. Bf3 Bb7 22. c4 Rae8 23. Bxd5 Bxd5 24. cxd5 Qxh3 25. Rf3 Qxf3 26. Qf2 Rxg2+ 27. Qxg2 Qxe3+ 28. Kh1 Qe1+ 29. Kh2 Qh4+ 30. Kg1 Re1+
31. Qf1 Qg3+ 32. Kh1 Rxf1#
0-1

[Event "October - under 1500"]
[Site "SchemingMind.com"]
[Date "2016.10.10"]
[Round "-"]
[White "bmariusz"]
[Black "mochiron"]
[Result "0-1"]
[WhiteCountry "POL"]
[BlackCountry "JPN"]
[WhiteElo "1440"]
[WhiteRD "77"]
[BlackElo "1454"]
[BlackRD "82"]
[GameID "404667"]

1. e4 c5 2. Nf3 Nc6 3. d4 cxd4 4. Nxd4 Nxd4 5. Qxd4 e6 6. b3 Nf6 7. e5 Nd5 8. Be2 Bb4+ 9. Bd2 Bxd2+ 10. Nxd2 O-O
11. Qe4 Nc3 12. Qd3 Nxe2 13. Qxe2 f6 14. Qh5 fxe5 15. Ne4 Qa5+ 16. c3 b5 17. Qxe5 Bb7 18. Qd6 Bxe4 19. O-O-O Qxa2 20. Qd3 Bxd3
21. Rxd3 Qa1+ 22. Kc2 Qxh1 23. f4 Qxg2+ 24. Rd2 Qe4+ 25. Kb2 a5
0-1

[Event "October - under 1500"]
[Site "SchemingMind.com"]
[Date "2016.10.10"]
[Round "-"]
[White "Black Knight"]
[Black "bmariusz"]
[Result "1-0"]
[WhiteCountry "USA"]
[BlackCountry "POL"]
[WhiteElo "1407"]
[WhiteRD "54"]
[BlackElo "1401"]
[BlackRD "82"]
[GameID "404668"]

1. e4 e5 2. Nc3 d6 3. Bb5+ c6 4. Be2 Nf6 5. Nf3 Qb6 6. d3 Ng4 7. O-O d5 8. exd5 Bc5 9. Qe1 Bxf2+ 10. Rxf2 Nxf2
11. Qxf2 Qxf2+ 12. Kxf2 O-O 13. Nxe5 f6 14. Nc4 b5 15. Nd6 b4 16. Nxc8 bxc3 17. bxc3 Rxc8 18. dxc6 Nxc6 19. Bf3 Rab8 20. Bf4 Rb2
21. Bxc6 Rxc2+ 22. Ke3 Rxc6 23. Kd4 Rd6+ 24. Bxd6 Rf2 25. Rg1 f5 26. g4 Rxa2 27. gxf5 Rf2 28. h4 Rxf5 29. Be5 a5 30. Ra1 g5
31. hxg5 Rxg5 32. Rxa5 Kf7 33. Ra7+ Kg6 34. Rg7+ Kf5 35. Rxg5+ Kxg5 36. c4
1-0

[Event "October - under 1500"]
[Site "SchemingMind.com"]
[Date "2016.10.07"]
[Round "-"]
[White "bmariusz"]
[Black "Black Knight"]
[Result "0-1"]
[WhiteCountry "POL"]
[BlackCountry "USA"]
[WhiteElo "1401"]
[WhiteRD "82"]
[BlackElo "1407"]
[BlackRD "54"]
[GameID "404669"]

1. e4 Nc6 2. Nf3 e5 3. d4 Nf6 4. dxe5 Nxe4 5. Bd3 Nc5 6. Bg5 Be7 7. Qd2 h6 8. Bxe7 Qxe7 9. O-O O-O 10. Re1 d6
11. exd6 Qxd6 12. b4 Nxd3 13. Qxd3 Qxd3 14. cxd3 Bg4 15. Nc3 Bxf3 16. gxf3 Nd4 17. Re2 Nxe2+ 18. Nxe2 Rad8 19. d4 Rfe8 20. Kf1 b6
21. Rc1 Re7 22. Nc3 Rxd4 23. Ne4 Red7 24. Nc3 Rd3 25. Kg2 R7d6 26. Kf1 Rxf3 27. Ne4 Rd4 28. Re1 f5 29. Ng3 Rdf4 30. Nh1 Rh4
31. Kg2 Rfh3 32. Kf1 Rxh2 33. Ng3 f4 34. Nf5 Rh1+ 35. Ke2 Rxe1+ 36. Kxe1 Rh5 37. Nd4 Re5+ 38. Ne2 f3 39. a3 fxe2 40. f4 Re4
0-1

[Event "October - under 1500"]
[Site "SchemingMind.com"]
[Date "2016.10.07"]
[Round "-"]
[White "Chessibelle"]
[Black "bmariusz"]
[Result "0-1"]
[WhiteCountry "ENG"]
[BlackCountry "POL"]
[WhiteElo "1126"]
[WhiteRD "58"]
[BlackElo "1517"]
[BlackRD "98"]
[GameID "404670"]

1. Nf3 Nf6 2. d4 e6 3. Bd2 Nc6 4. Nc3 Nxd4 5. e3 Nxf3+ 6. Qxf3 d5 7. Bd3 c6 8. a3 e5 9. b4 e4 10. Nxe4 dxe4
11. Qe2 exd3 12. cxd3 Bd6 13. f4 Bg4 14. Qf2 Be7 15. d4 Ne4 16. Qg1 Qd5 17. g3 Qc4 18. Qg2 Qd3 19. Rd1 Bxd1 20. Kxd1 Nc3+
21. Ke1 Qb1+ 22. Kf2 Qd3 23. Be1 Qe2+
0-1